000 00220nam a22000857a 4500
008 160907b xxu||||| |||| 00| 0 eng d
100 _9320
_aChhibber S.N
245 _aMathematics-IX
260 _aNew Delhi
_bABD publication
_c2011
999 _c2980
_d2980